UN Specialised Agency & Programme Locations - Statistics

General Stats
  • This quiz has been taken 32 times
  • The average score is 8 of 12
Answer Stats
Hint Answer % Correct
World Health Organization Geneva
95%
United Nations Educational, Scientific and Cultural Organization Paris
91%
International Maritime Organization London
86%
United Nations Children’s Fund New York
86%
World Tourism Organization Madrid
77%
Food & Agriculture Organization Rome
73%
International Monetary Fund Washington
73%
Universal Postal Union Bern
64%
International Civil Aviation Organization Montreal
64%
United Nations Industrial Development Organization Vienna
59%
United Nations Environment Programme Nairobi
45%
United Nations Volunteers Bonn
5%
No matching quizzes found
Score Distribution
Percent of People with Each Score
Percentile by Number Answered
Your Score History
You have not taken this quiz